|
|
|
|
| LEADER |
00000nab#a22000007a#4500 |
| 001 |
arbauad014260 |
| 003 |
AR-BaUAD |
| 005 |
20250711111348.0 |
| 008 |
951012|||||||||###||||||b###|0###a|spa|| |
| 040 |
|
|
|a AR-BaUAD
|c AR-BaUAD
|b spa
|
| 100 |
|
|
|a Rossi, Aldo
|
| 245 |
|
|
|a Sulla Scuola di architettura /
|c Aldo Rossi;
|
| 300 |
0 |
|
|b fot
|
| 500 |
|
|
|a Interpelación al arquitecto Aldo Rossi sobre las escuelas de arquitectura.
|
| 653 |
|
|
|a ITALIA
|
| 653 |
|
|
|a ESCUELAS DE ARQUITECTURA
|
| 653 |
|
|
|a ROSSI, ALDO
|
| 773 |
0 |
|
|t Domus
|g no. 760 [mayo 1994], p. 82-85
|
| 942 |
|
|
|c ARTI
|
| 952 |
|
|
|0 0
|1 0
|4 0
|7 0
|9 59180
|a AR-BAuAD
|b AR-BAuAD
|d 2025-07-11
|l 0
|p AAQA014260
|r 2025-07-11 11:13:48
|w 2025-07-11
|y ARTI
|
| 990 |
|
|
|a AQ199
|b TD
|
| 998 |
|
|
|a AAQ
|b BIBUN76
|
| 999 |
|
|
|c 38853
|d 38853
|